[Event "Vescovato Gerolamo op-B 13th"]
[Site "Vescovato"]
[Date "2014.04.27"]
[Round "6"]
[White "Rizzi, Pietro"]
[Black "Zordan, Giovanni"]
[Result "1/2-1/2"]
[WhiteElo "1597"]
[BlackElo "1691"]
[PlyCount "142"]
[EventDate "2014.04.25"]
[EventType "swiss"]
[EventRounds "6"]
[EventCountry "ITA"]
[SourceTitle "EXT 2024"]
[Source "ChessBase"]
[SourceDate "2023.10.10"]
[SourceVersion "1"]
[SourceVersionDate "2023.10.10"]
[SourceQuality "1"]

1. e4 e5 2. Nf3 Nc6 3. Bb5 Nge7 4. 0-0 d6 5. d3 Bg4 6. Be3 g6 7. Nbd2 Bg7 8. c3 0-0 9. h3 Bxf3 10. Nxf3 h6 11. b4 a6 12. Bxc6 Nxc6 13. d4 d5 14. exd5 Qxd5 15. dxe5 Qxd1 16. Raxd1 Nxe5 17. Nxe5 Bxe5 18. Bxh6 Rfd8 19. c4 Rd4 20. Rxd4 Bxd4 21. Rd1 Be5 22. Be3 b6 23. c5 b5 24. f4 Bc3 25. a3 Re8 26. Kf2 Bb2 27. Bc1 Bc3 28. Rd3 Bf6 29. g4 Bh4+ 30. Kf3 Re1 31. Be3 Ra1 32. g5 Kf8 33. Rd7 Rxa3 34. Rxc7 Be1 35. Ke2 Bxb4 36. c6 Bd6 37. Rb7 Rc3 38. Rb6 a5 39. Rxb5 Rxc6 40. Rxa5 Rc2+ 41. Kf3 Rc3 42. Ke4 Rc4+ 43. Kd5 Rc3 44. Ke4 Bb4 45. Rb5 Bd6 46. Rd5 Ke7 47. Rb5 Ke6 48. Ra5 Rc4+ 49. Kf3 Rc3 50. Rb5 Rd3 51. Ra5 Rd1 52. Kg3 Bb4 53. Ra6+ Kf5 54. Rb6 Be1+ 55. Kf3 Bc3 56. Rb5+ Ke6 57. Rb6+ Rd6 58. Rxd6+ Kxd6 59. Ke4 Ke6 60. Bc1 f5+ 61. gxf6 Kxf6 62. Be3 Be1 63. Bd4+ Ke6 64. Be3 Bh4 65. Bd2 Kf7 66. Bc3 Kg8 67. Bd2 Kh7 68. Kf3 Bf6 69. Kg4 Kg7 70. f5 gxf5+ 71. Kxf5 Bd8 1/2-1/2

[Event "Vescovato Gerolamo op-B 13th"]
[Site "Vescovato"]
[Date "2014.04.26"]
[Round "4"]
[White "Raimondi, Celso"]
[Black "Zordan, Giovanni"]
[Result "1-0"]
[WhiteElo "1667"]
[BlackElo "1691"]
[PlyCount "33"]
[EventDate "2014.04.25"]
[EventType "swiss"]
[EventRounds "6"]
[EventCountry "ITA"]
[SourceTitle "EXT 2024"]
[Source "ChessBase"]
[SourceDate "2023.10.10"]
[SourceVersion "1"]
[SourceVersionDate "2023.10.10"]
[SourceQuality "1"]

1. d4 d5 2. c4 dxc4 3. e4 c5 4. Bxc4 Qxd4 5. Qc2 Nf6 6. f3 b6 7. Ne2 Qd7 8. Nbc3 Ba6 9. Bxa6 Nxa6 10. a3 Qc7 11. Qa4+ Nd7 12. Qxa6 e6 13. Bf4 Bd6 14. Nb5 Nb8 15. Nxc7+ Bxc7 16. Qb7 0-0 17. Qxa8 1-0

[Event "Mantua Province-ch 03"]
[Site "Mantova"]
[Date "2002.12.15"]
[Round "6"]
[White "Zordan, Giovanni"]
[Black "Greco, Alessandro"]
[Result "0-1"]
[WhiteElo "1507"]
[BlackElo "1600"]
[PlyCount "92"]
[EventDate "2002.12.07"]
[EventType "swiss"]
[EventRounds "6"]
[EventCountry "ITA"]
[SourceTitle "EXT 2024"]
[Source "ChessBase"]
[SourceDate "2023.10.10"]
[SourceVersion "1"]
[SourceVersionDate "2023.10.10"]
[SourceQuality "1"]

1. e4 e5 2. Bb5 Bc5 3. Nf3 Qf6 4. Nc3 Nh6 5. d3 Ng4 6. 0-0 0-0 7. Nd5 Qd6 8. Bc4 c6 9. Ne3 Bxe3 10. fxe3 Qh6 11. Qe1 d6 12. h3 Nf6 13. Qg3 d5 14. exd5 e4 15. dxe4 Nxe4 16. Qc7 Nd6 17. dxc6 Nxc6 18. e4 Qg6 19. Ng5 Nxc4 20. Rf2 f6 21. Nf3 Bxh3 22. b3 N4e5 23. Nh4 Qg3 24. Ba3 Nf3+ 25. Nxf3 Qxc7 26. Bxf8 Bg4 27. Ba3 Bxf3 28. gxf3 Qg3+ 29. Rg2 Qxf3 30. Rf1 Qe3+ 31. Kh2 Ne5 32. Rg3 Qe2+ 33. Kg1 h5 34. Rxf6 Ng4 35. Rg2 Qe3+ 36. Rff2 Nxf2 37. Rxf2 g5 38. Be7 Re8 39. Bxg5 Qxg5+ 40. Rg2 Qxg2+ 41. Kxg2 Rxe4 42. Kf3 Rg4 43. a3 Kf7 44. c3 Kf6 45. a4 Kf5 46. b4 Rc4 0-1

[Event "Mantua Province-ch 03"]
[Site "Mantova"]
[Date "2002.12.07"]
[Round "1"]
[White "Zordan, Giovanni"]
[Black "Trazzi, Enrico"]
[Result "0-1"]
[WhiteElo "1507"]
[BlackElo "1506"]
[PlyCount "110"]
[EventDate "2002.12.07"]
[EventType "swiss"]
[EventRounds "6"]
[EventCountry "ITA"]
[SourceTitle "EXT 2024"]
[Source "ChessBase"]
[SourceDate "2023.10.10"]
[SourceVersion "1"]
[SourceVersionDate "2023.10.10"]
[SourceQuality "1"]

1. e4 e5 2. Nf3 Nc6 3. Bb5 a6 4. Bxc6 dxc6 5. b3 Bg4 6. Bb2 Bd6 7. Na3 b5 8. c4 Ne7 9. 0-0 0-0 10. Qe2 Ng6 11. Qe3 Bxf3 12. Qxf3 Re8 13. d3 Qe7 14. Nc2 Bc5 15. Ne3 Bxe3 16. Qxe3 Rad8 17. Rad1 f6 18. Rd2 Nf4 19. Bc1 Ne6 20. a3 Nd4 21. b4 c5 22. cxb5 axb5 23. bxc5 Qxc5 24. Bb2 Rc8 25. Rc1 Qd6 26. Bxd4 Qxd4 27. Qxd4 exd4 28. Rdc2 Re7 29. Rc5 c6 30. Rxc6 Rxc6 31. Rxc6 Ra7 32. Kf1 Rxa3 33. Ke2 Ra2+ 34. Ke1 Kf7 35. h4 b4 36. Rc4 b3 37. Rxd4 b2 38. Rb4 Ra1+ 39. Ke2 b1Q 40. Rxb1 Rxb1 41. g4 Ke6 42. f4 Rh1 43. h5 h6 44. Ke3 Rh3+ 45. Kd4 Rg3 46. f5+ Kd6 47. Kc4 Rxg4 48. Kd4 Rh4 49. Ke3 Rxh5 50. d4 Rg5 51. Kf4 h5 52. e5+ Ke7 53. d5 h4 54. d6+ Kd7 55. Ke4 h3 0-1